000 00385nam a2200157Ia 4500
008 230917s9999||||xx |||||||||||||| ||und||
020 _cPOU19.5
040 _e17896
_aMAIN
041 _aEnglish
082 _a330 06E
100 _aO'Driscoll, Gerald P
245 0 _aEconomics of time and ignorance
260 _aNew York
_bBasil blackwell
_c1985
300 _av,261 p.
942 _cBK
999 _c47045
_d47045